三国将领合称 - Statistics

General Stats
  • This quiz has been taken 753 times
  • The average score is 14 of 22
Answer Stats
Hint Answer % Correct
五虎上将 关羽
97%
张飞
97%
赵云
96%
马超
94%
黄忠
94%
五子良将 张辽
82%
黄盖
75%
张郃
71%
于禁
66%
乐进
65%
甘宁
65%
徐晃
63%
江东十二虎臣 程普
52%
周泰
52%
徐盛
50%
韩当
48%
凌统
48%
丁奉
45%
潘璋
33%
蒋钦
32%
陈武
28%
董袭
24%
No matching quizzes found
Score Distribution
Percent of People with Each Score
Percentile by Number Answered
Your Score History
You have not taken this quiz